[Event "SWE-chT 1920 Elite"]
[Site "Sweden"]
[Date "2020.02.01"]
[Round "5"]
[White "Sagit, Rauan"]
[Black "Gramer, Kent"]
[Result "1-0"]
[WhiteElo "2440"]
[BlackElo "2077"]
[PlyCount "105"]
[EventDate "2019.10.18"]
[EventType "team-tourn"]
[EventRounds "9"]
[EventCountry "SWE"]
[SourceTitle "EXT 2023"]
[Source "ChessBase"]
[SourceDate "2022.10.05"]
[SourceVersion "1"]
[SourceVersionDate "2022.10.05"]
[SourceQuality "1"]
[WhiteTeam "Wasa"]
[BlackTeam "Farsta"]
[WhiteTeamCountry "SWE"]
[BlackTeamCountry "SWE"]

1. Nf3 d5 2. g3 Nf6 3. Bg2 e6 4. b3 Be7 5. Bb2 c5 6. 0-0 0-0 7. d3 Nc6 8. Nbd2 b6 9. e3 Bb7 10. Qe2 Qc7 11. a3 h6 12. h3 Rad8 13. Rfd1 Nd7 14. Nh2 Bf6 15. c3 g6 16. f4 e5 17. Rac1 exf4 18. gxf4 Ne7 19. Qf2 Bg7 20. Ndf1 Nf6 21. Ng3 Nh7 22. Nf3 Nc6 23. Re1 f5 24. b4 Ba6 25. d4 Nf6 26. a4 Ne4 27. Nxe4 fxe4 28. b5 exf3 29. Bxf3 Bb7 30. bxc6 Bxc6 31. Qg2 Kh7 32. c4 Bxa4 33. cxd5 Qe7 34. Ba3 Rc8 35. dxc5 bxc5 36. Qg3 Rfe8 37. Bg2 h5 38. Kh1 Bf6 39. Qf3 Bh4 40. Re2 Bb5 41. Rb2 a6 42. e4 Qg7 43. e5 c4 44. Bb4 Qf7 45. Qe3 Bd7 46. Bc3 Bf5 47. Qd4 Rcd8 48. Ra1 Rb8 49. Rxa6 Rxb2 50. Bxb2 g5 51. e6 Qf8 52. Ra7+ Kh6 53. Rf7 1-0

[Event "EU-Cup 35th"]
[Site "Ulcinj"]
[Date "2019.11.12"]
[Round "3.9"]
[White "Sagit, Rauan"]
[Black "Polzin, Rainer"]
[Result "1/2-1/2"]
[WhiteElo "2425"]
[BlackElo "2411"]
[PlyCount "133"]
[EventDate "2019.11.10"]
[EventType "team-swiss"]
[EventRounds "7"]
[EventCountry "MNE"]
[SourceTitle "CBM 193 Extra"]
[Source "ChessBase"]
[SourceDate "2020.01.31"]
[SourceVersion "1"]
[SourceVersionDate "2020.01.31"]
[SourceQuality "1"]
[WhiteTeam "Wasa"]
[BlackTeam "Berlin SF"]
[WhiteTeamCountry "SWE"]
[BlackTeamCountry "GER"]

1. e4 c6 2. d3 d5 3. Nd2 g6 4. Ngf3 Bg7 5. Be2 e5 6. 0-0 Ne7 7. b4 0-0 8. Bb2 Qd6 9. a3 a5 10. Nb3 a4 11. Nbd2 Nd7 12. Re1 d4 13. c3 b5 14. cxd4 exd4 15. Rc1 Bb7 16. e5 Nxe5 17. Ne4 Nxf3+ 18. Bxf3 Qd8 19. Nc5 Bc8 20. Qe2 Ra7 21. h3 Rc7 22. Qd2 Nf5 23. Rc2 Re8 24. Re4 Nh4 25. Qf4 Nxf3+ 26. Qxf3 Rxe4 27. Qxe4 Re7 28. Qf3 Re1+ 29. Kh2 h5 30. g3 h4 31. Qxc6 Be5 32. Ne4 Bf5 33. Qxb5 hxg3+ 34. fxg3 Bxe4 35. dxe4 Bxg3+ 36. Kxg3 Rxe4 37. Kg2 d3 38. Rd2 Re3 39. Qc5 Qa8+ 40. Kg1 Rxh3 41. Rg2 Qe8 42. Qe5 Qxe5 43. Bxe5 Re3 44. Bc3 d2 45. Bxd2 Rxa3 46. Kf2 Kg7 47. Rg4 Rb3 48. Rc4 Kf6 49. Rc5 Ke6 50. Ra5 a3 51. Ke2 f5 52. Ra6+ Ke5 53. Kd1 f4 54. Kc2 Rg3 55. Bc3+ Kd5 56. Ra5+ Kc6 57. Rxa3 Kb7 58. Ra1 g5 59. Kb3 f3 60. Bd4 Rg4 61. Kc4 Rf4 62. Kd5 g4 63. Ra7+ Kb8 64. Rg7 f2 65. Bxf2 Rxf2 66. Rxg4 Kb7 67. Ke4 1/2-1/2

[Event "SWE-chT 1920 Elite"]
[Site "Sweden"]
[Date "2019.10.19"]
[Round "2.3"]
[White "Sagit, Rauan"]
[Black "Heberla, Bartlomiej"]
[Result "0-1"]
[WhiteElo "2440"]
[BlackElo "2544"]
[PlyCount "80"]
[EventDate "2019.10.18"]
[EventType "team-tourn"]
[EventRounds "9"]
[EventCountry "SWE"]
[SourceTitle "CBM 192 Extra"]
[Source "Chessbase"]
[SourceDate "2019.11.06"]
[SourceVersion "1"]
[SourceVersionDate "2019.11.06"]
[SourceQuality "1"]
[WhiteTeam "Wasa"]
[BlackTeam "Eksjo"]
[WhiteTeamCountry "SWE"]
[BlackTeamCountry "SWE"]

1. Nf3 g6 2. d4 Bg7 3. g3 c5 4. dxc5 Qa5+ 5. Nbd2 Qxc5 6. Bg2 Nf6 7. 0-0 0-0 8. Nb3 Qc7 9. c3 Nc6 10. Nbd4 d6 11. Nc2 Rd8 12. Nfd4 a6 13. Bg5 h6 14. Bd2 Na5 15. Na3 e5 16. Nb3 Nxb3 17. axb3 d5 18. Qc1 Kh7 19. c4 d4 20. c5 Bg4 21. Re1 Rab8 22. b4 Be6 23. b5 Bd5 24. f3 axb5 25. Nxb5 Qc6 26. Na7 Qe6 27. Nb5 Qc6 28. Na7 Qe6 29. b4 e4 30. Bf4 Ra8 31. Nb5 Ne8 32. Rxa8 Rxa8 33. Qd1 Bc6 34. Nxd4 Bxd4+ 35. Qxd4 exf3 36. Bf1 Nf6 37. Bd2 Rd8 38. Qxd8 f2+ 39. Kxf2 Ng4+ 40. Kg1 Qe4 0-1

[Event "SWE-ch"]
[Site "Eskilstuna"]
[Date "2019.07.13"]
[Round "8"]
[White "Johansson, Linus"]
[Black "Sagit, Rauan"]
[Result "0-1"]
[WhiteElo "2480"]
[BlackElo "2429"]
[PlyCount "70"]
[EventDate "2019.07.06"]
[EventType "tourn"]
[EventRounds "9"]
[EventCountry "SWE"]
[EventCategory "9"]
[SourceTitle "CBM 191 Extra"]
[Source "ChessBase"]
[SourceDate "2019.09.30"]
[SourceVersion "1"]
[SourceVersionDate "2019.09.30"]
[SourceQuality "1"]

1. Nf3 d5 2. g3 Nf6 3. Bg2 e6 4. c4 Be7 5. 0-0 0-0 6. b3 b6 7. Bb2 c5 8. d4 Bb7 9. Nbd2 Nc6 10. cxd5 Nxd5 11. dxc5 Bxc5 12. Ne4 Be7 13. Nd4 Ndb4 14. Nxc6 Nxc6 15. Qc1 Rc8 16. Rd1 Qc7 17. Qc3 e5 18. Rac1 Rfd8 19. e3 h6 20. a3 Bf8 21. b4 Qb8 22. Qb3 Qa8 23. Bh3 Rxd1+ 24. Rxd1 Rd8 25. Rxd8 Qxd8 26. Qc2 Qd5 27. Bg2 Kh8 28. f4 Qe6 29. b5 Na5 30. Bxe5 Nc4 31. Ng5 hxg5 32. Bxb7 Bc5 33. Qd1 Nxe5 34. Bd5 Qg4 35. Qf1 gxf4 0-1

[Event "SWE-ch"]
[Site "Eskilstuna"]
[Date "2019.07.12"]
[Round "7"]
[White "Sagit, Rauan"]
[Black "Hector, Jonny"]
[Result "1-0"]
[WhiteElo "2429"]
[BlackElo "2487"]
[PlyCount "171"]
[EventDate "2019.07.06"]
[EventType "tourn"]
[EventRounds "9"]
[EventCountry "SWE"]
[EventCategory "9"]
[SourceTitle "CBM 191 Extra"]
[Source "ChessBase"]
[SourceDate "2019.09.30"]
[SourceVersion "1"]
[SourceVersionDate "2019.09.30"]
[SourceQuality "1"]

1. Nf3 d5 2. g3 Nc6 3. d4 Bf5 4. Bg2 Nb4 5. Na3 e6 6. c3 Nc6 7. Qb3 Rb8 8. Nh4 Be4 9. f3 Bg6 10. Nxg6 hxg6 11. e4 b5 12. Bf4 b4 13. Qa4 Qd7 14. Nb5 Rb7 15. Nxc7+ Rxc7 16. Bxc7 Qxc7 17. exd5 exd5 18. 0-0 Qd7 19. Rfe1+ Be7 20. Bf1 Kf8 21. Bb5 Qh3 22. Re2 Nd8 23. Qxa7 g5 24. Rae1 g6 25. Rg2 Qc8 26. Re3 bxc3 27. bxc3 Kg7 28. Qb6 Ne6 29. Ba6 Qa8 30. Bb7 Qa3 31. Bxd5 Qc1+ 32. Kf2 Qd2+ 33. Re2 Qxc3 34. Qb2 Qxd4+ 35. Qxd4+ Nxd4 36. Rb2 Nf6 37. Bb7 Ba3 38. Rb1 Rb8 39. Rgg1 Nf5 40. Kg2 Rd8 41. Kh1 g4 42. Rgd1 Rh8 43. Rd3 Bc5 44. Kg2 Ne3+ 45. Kh1 Nh5 46. Kg1 Re8 47. Rb5 Ba7 48. Ra5 Bb6 49. Rb5 Nc4+ 50. Kf1 Nf6 51. a4 Ba7 52. a5 Ne5 53. Rdb3 gxf3 54. Bxf3 Nxf3 55. Rxf3 Ng4 56. Rb2 Re5 57. Ra2 Rh5 58. h4 Rb5 59. Ke2 Rb1 60. Rf1 Rb5 61. Rf4 Ne5 62. a6 Rb3 63. Ra5 Nc6 64. Rd5 Re3+ 65. Kd1 Rxg3 66. Rd7 Rg1+ 67. Kc2 Rg2+ 68. Kb3 Rg3+ 69. Ka4 Kg8 70. Rc4 Ne5 71. Rc8+ Kg7 72. Rxa7 Rg1 73. Rc3 Rh1 74. Rac7 Rxh4+ 75. Kb5 Rh1 76. Ra3 Rb1+ 77. Ka4 Rb8 78. a7 Ra8 79. Kb5 g5 80. Re7 Kf6 81. Rb7 g4 82. Rb8 Rxa7 83. Rxa7 Kf5 84. Rg8 Kf4 85. Ra4+ Ke3 86. Rg5 1-0

[Event "SWE-ch"]
[Site "Eskilstuna"]
[Date "2019.07.10"]
[Round "5"]
[White "Sagit, Rauan"]
[Black "Wiedenkeller, Michael"]
[Result "1-0"]
[WhiteElo "2429"]
[BlackElo "2461"]
[PlyCount "232"]
[EventDate "2019.07.06"]
[EventType "tourn"]
[EventRounds "9"]
[EventCountry "SWE"]
[EventCategory "9"]
[SourceTitle "CBM 191 Extra"]
[Source "ChessBase"]
[SourceDate "2019.09.30"]
[SourceVersion "1"]
[SourceVersionDate "2019.09.30"]
[SourceQuality "1"]

1. Nf3 d5 2. g3 c6 3. Bg2 Bg4 4. h3 Bxf3 5. Bxf3 e5 6. d3 Nf6 7. e3 Bd6 8. Nc3 0-0 9. 0-0 Nbd7 10. Bg2 Re8 11. e4 dxe4 12. Nxe4 Nxe4 13. dxe4 Bc5 14. c3 a5 15. Rb1 Qe7 16. Qe2 Qe6 17. b3 h6 18. Rd1 Red8 19. Bd2 Nf6 20. Be1 Bb6 21. Rxd8+ Rxd8 22. Rd1 Rxd1 23. Qxd1 Qd7 24. Qxd7 Nxd7 25. Kf1 Kf8 26. Ke2 Ke7 27. h4 h5 28. Bd2 Nf8 29. Bh3 Bc7 30. Bg5+ f6 31. Be3 Ne6 32. f3 g6 33. Kd2 Bd8 34. Ke2 Bc7 35. Kd3 Kf7 36. Kc4 b5+ 37. Kd3 Ke7 38. a4 Bd6 39. Bxe6 Kxe6 40. Bb6 Kd7 41. Bxa5 Bc5 42. Ke2 f5 43. exf5 gxf5 44. Bb4 Ba7 45. c4 bxa4 46. bxa4 Bd4 47. Be1 e4 48. fxe4 fxe4 49. Bf2 c5 50. Be1 Kc6 51. Kf1 Bb2 52. Kf2 Bc1 53. Ke2 Kb6 54. Bd2 Ba3 55. Ke3 Bb4 56. Bxb4 cxb4 57. Kxe4 Ka5 58. c5 b3 59. Kd3 Kxa4 60. c6 Ka3 61. c7 b2 62. c8Q b1Q+ 63. Qc2 Qb5+ 64. Qc4 Qf5+ 65. Ke3 Qe5+ 66. Kf3 Qf6+ 67. Qf4 Qc6+ 68. Ke3 Qe6+ 69. Kd4 Qg6 70. Ke5 Ka2 71. Qg5 Qe8+ 72. Kf6 Qf8+ 73. Kg6 Qe8+ 74. Kg7 Qd7+ 75. Kh6 Qe8 76. Kh7 Qf7+ 77. Qg7 Qf3 78. Kh6 Ka3 79. Qe5 Qf7 80. Kg5 Qh7 81. Qd6+ Ka2 82. Qa6+ Kb2 83. Qe2+ Ka3 84. Qxh5 Qe7+ 85. Kf4 Qb4+ 86. Kf3 Qb7+ 87. Kf2 Qb2+ 88. Qe2 Qg7 89. g4 Kb4 90. Qe4+ Kc5 91. h5 Kd6 92. Qf4+ Ke6 93. Kf3 Qa1 94. Kg3 Qe1+ 95. Qf2 Qe4 96. Kh4 Qe5 97. Qg3 Qd5 98. Qe3+ Kf7 99. Qf4+ Ke8 100. Qf5 Qd2 101. Qe5+ Kf7 102. Qc7+ Kf6 103. Qc6+ Kf7 104. Qe4 Kg7 105. Qe7+ Kh8 106. Qe5+ Kh7 107. Kg3 Qd3+ 108. Kf4 Qd2+ 109. Kf5 Qd7+ 110. Qe6 Qb5+ 111. Kf6 Qb2+ 112. Ke7 Qb4+ 113. Kf7 Qb7+ 114. Qe7 Qf3+ 115. Ke6+ Kg8 116. Qg5+ Kh7 1-0

[Event "SWE-ch"]
[Site "Eskilstuna"]
[Date "2019.07.09"]
[Round "4"]
[White "Lokander, Martin"]
[Black "Sagit, Rauan"]
[Result "1/2-1/2"]
[WhiteElo "2397"]
[BlackElo "2429"]
[PlyCount "152"]
[EventDate "2019.07.06"]
[EventType "tourn"]
[EventRounds "9"]
[EventCountry "SWE"]
[EventCategory "9"]
[SourceTitle "CBM 191 Extra"]
[Source "ChessBase"]
[SourceDate "2019.09.30"]
[SourceVersion "1"]
[SourceVersionDate "2019.09.30"]
[SourceQuality "1"]

1. d4 d5 2. c4 e6 3. Nc3 a6 4. cxd5 exd5 5. Qb3 Nc6 6. Nf3 Bb4 7. Bf4 Nge7 8. e3 Bf5 9. Be2 0-0 10. 0-0 Kh8 11. Ne5 Bd6 12. Nxc6 bxc6 13. Na4 Bxf4 14. exf4 Qd6 15. g3 Rfb8 16. Qc3 Qb4 17. b3 Qxc3 18. Nxc3 Rb4 19. Rfd1 a5 20. Na4 Re8 21. Rd2 Bh3 22. Bf1 Bxf1 23. Kxf1 Nf5 24. Rad1 h5 25. Nc5 f6 26. h3 Rb5 27. Rc1 Rb4 28. Rcd1 Rb5 29. Na4 Rb4 30. Kg2 Re4 31. Nc5 Rexd4 32. Rxd4 Nxd4 33. Na6 Rb6 34. Nxc7 Nb5 35. Nxb5 Rxb5 36. Rc1 Rb6 37. Kf3 Kg8 38. Ke3 Kf7 39. Kd4 Ke6 40. Kc5 Rb8 41. Rc3 Kd7 42. f5 Rb5+ 43. Kd4 Kd6 44. Re3 c5+ 45. Kd3 a4 46. Re6+ Kd7 47. Kc3 axb3 48. axb3 Ra5 49. Kb2 Rb5 50. Kc3 Ra5 51. Kb2 c4 52. bxc4 dxc4 53. g4 Rb5+ 54. Kc3 Rb3+ 55. Kxc4 Rxh3 56. g5 fxg5 57. Rg6 Ke7 58. Kd4 g4 59. Ke4 Kf7 60. Rg5 Kf6 61. Rg6+ Kf7 62. Rg5 Rh2 63. f3 Re2+ 64. Kf4 Rf2 65. Rxh5 gxf3 66. Rh1 Kf6 67. Kg3 Ra2 68. Kxf3 Kxf5 69. Rb1 Ra3+ 70. Kg2 g5 71. Rb4 Kg6 72. Rc4 Kh5 73. Rb4 g4 74. Rb8 Ra2+ 75. Kg3 Ra3+ 76. Kg2 Ra2+ 1/2-1/2

[Event "SWE-ch"]
[Site "Eskilstuna"]
[Date "2019.07.08"]
[Round "3"]
[White "Smith, Axel"]
[Black "Sagit, Rauan"]
[Result "1/2-1/2"]
[WhiteElo "2469"]
[BlackElo "2429"]
[PlyCount "86"]
[EventDate "2019.07.06"]
[EventType "tourn"]
[EventRounds "9"]
[EventCountry "SWE"]
[EventCategory "9"]
[SourceTitle "CBM 191 Extra"]
[Source "ChessBase"]
[SourceDate "2019.09.30"]
[SourceVersion "1"]
[SourceVersionDate "2019.09.30"]
[SourceQuality "1"]

1. d4 d5 2. c4 e6 3. Nc3 a6 4. cxd5 exd5 5. Nf3 Nf6 6. Bg5 Be7 7. e3 h6 8. Bh4 0-0 9. Bd3 Re8 10. 0-0 Nbd7 11. Qc2 c6 12. Rad1 Ne4 13. Bxe7 Qxe7 14. Rfe1 Ndf6 15. Ne5 Bf5 16. f3 Nxc3 17. bxc3 Bxd3 18. Qxd3 Nd7 19. Ng4 Nf6 20. Ne5 Nd7 21. Ng4 Nf6 22. Nf2 Qa3 23. Qd2 c5 24. Nd3 cxd4 25. cxd4 Rac8 26. Rc1 Qe7 27. Rxc8 Rxc8 28. Rc1 Rc7 29. Kf2 Qd6 30. Ne5 Nd7 31. Rxc7 Qxc7 32. Nxd7 Qxd7 33. Qc3 g6 34. Qc5 Qd8 35. a4 Kg7 36. h3 Qh4+ 37. Kf1 Qg5 38. Kf2 Qh4+ 39. Kf1 Qg5 40. e4 b6 41. h4 Qd8 42. Qc6 dxe4 43. Qxe4 Qf6 1/2-1/2

[Event "SWE-chT 1819 Elite"]
[Site "Sweden"]
[Date "2018.11.10"]
[Round "2.1"]
[White "Lindgren, Philip"]
[Black "Sagit, Rauan"]
[Result "0-1"]
[WhiteElo "2374"]
[BlackElo "2429"]
[PlyCount "108"]
[EventDate "2018.11.09"]
[EventType "team-tourn"]
[EventRounds "9"]
[EventCountry "SWE"]
[SourceTitle "CBM 187 Extra"]
[Source "ChessBase"]
[SourceDate "2018.11.04"]
[SourceVersion "1"]
[SourceVersionDate "2018.11.04"]
[SourceQuality "1"]
[WhiteTeam "Limhamn"]
[BlackTeam "Wasa"]
[WhiteTeamCountry "SWE"]
[BlackTeamCountry "SWE"]

1. d4 Nf6 2. Nf3 g6 3. c4 Bg7 4. Nc3 0-0 5. e4 c5 6. Be2 cxd4 7. Nxd4 Nc6 8. Be3 d6 9. Nc2 Bd7 10. 0-0 Rc8 11. f3 Ne5 12. b3 a6 13. Qd2 b5 14. cxb5 Qc7 15. Bd4 axb5 16. Nb4 Qa5 17. Ncd5 Nxd5 18. exd5 Rc2 19. Qxc2 Nxf3+ 20. Bxf3 Bxd4+ 21. Kh1 Bxa1 22. Nc6 Qc3 23. Nxe7+ Kg7 24. Qd1 Bb2 25. a4 Re8 26. Nc6 Bf5 27. Bg4 Bd3 28. Rg1 bxa4 29. bxa4 Bc2 30. Qf1 Re4 31. Bd1 Bxa4 32. Bxa4 Rxa4 33. Qe2 Ra1 34. Rxa1 Bxa1 35. g3 Qb3 36. Qe4 Bf6 37. Kg2 Qa2+ 38. Kg1 h5 39. h4 Qa1+ 40. Kg2 Qb2+ 41. Kg1 Qc3 42. Kg2 Be5 43. Qf3 Qd2+ 44. Kh3 Bf6 45. Qe4 Qf2 46. Qg2 Qf5+ 47. Kh2 Qg4 48. Qf2 Qe4 49. Qg2 Qd3 50. Kh3 Be5 51. Kh2 f5 52. Nd8 Kf6 53. Ne6 Qc4 54. Kh1 Qg4 0-1

[Event "EU-Cup 34th"]
[Site "Porto Carras"]
[Date "2018.10.14"]
[Round "3.2"]
[White "Postny, Evgeny"]
[Black "Sagit, Rauan"]
[Result "1-0"]
[WhiteElo "2612"]
[BlackElo "2434"]
[PlyCount "97"]
[EventDate "2018.10.12"]
[EventType "team-swiss"]
[EventRounds "7"]
[EventCountry "GRE"]
[SourceTitle "CBM 187"]
[Source "ChessBase"]
[SourceDate "2018.12.11"]
[SourceVersion "1"]
[SourceVersionDate "2018.12.11"]
[SourceQuality "1"]
[WhiteTeam "Beer Sheva"]
[BlackTeam "Team Viking"]
[WhiteTeamCountry "ISR"]
[BlackTeamCountry "SWE"]

1. d4 f5 2. g3 Nf6 3. Bg2 g6 4. c4 Bg7 5. Nf3 0-0 6. 0-0 Nc6 7. Nc3 Ne4 8. Nxe4 fxe4 9. Ng5 Nxd4 10. Nxe4 c6 11. e3 Ne6 12. Qc2 d6 13. Bd2 Qe8 14. Bc3 Qf7 15. f4 Nc5 16. Nxc5 dxc5 17. Bxg7 Qxg7 18. Rad1 Bg4 19. Bf3 Bxf3 20. Rxf3 Rad8 21. Rf2 Rd6 22. Rxd6 exd6 23. Rd2 Qe7 24. Kf2 Rf6 25. Kf3 Re6 26. Qd3 Qg7 27. e4 Qf7 28. g4 g5 29. f5 Rh6 30. Kg2 Qe7 31. h3 Rf6 32. Re2 Rf8 33. h4 gxh4 34. Kh3 Qe5 35. Qe3 Re8 36. Kxh4 d5 37. cxd5 cxd5 38. Qxc5 b6 39. Qc3 d4 40. Qg3 Qe7+ 41. Kh3 Rd8 42. Qh4 Qd7 43. f6 d3 44. f7+ Kxf7 45. Rf2+ Kg8 46. Qg5+ Kh8 47. Qf6+ Kg8 48. Rf5 h6 49. Rd5 1-0

[Event "SWE-chT 1718 Elite"]
[Site "Sweden"]
[Date "2018.03.17"]
[Round "8.4"]
[White "Tikkanen, Hans"]
[Black "Sagit, Rauan"]
[Result "1/2-1/2"]
[WhiteElo "2516"]
[BlackElo "2413"]
[PlyCount "200"]
[EventDate "2017.10.20"]
[EventType "team-tourn"]
[EventRounds "9"]
[EventCountry "SWE"]
[SourceTitle "EXT 2019"]
[Source "ChessBase"]
[SourceDate "2018.10.10"]
[SourceVersion "1"]
[SourceVersionDate "2018.10.10"]
[SourceQuality "1"]
[WhiteTeam "Lunds"]
[BlackTeam "Viking Team"]
[WhiteTeamCountry "SWE"]
[BlackTeamCountry "SWE"]

1. c4 e5 2. g3 Nf6 3. Bg2 d5 4. cxd5 Nxd5 5. Nc3 Nb6 6. e3 c6 7. Nf3 Bd6 8. d4 exd4 9. Nxd4 0-0 10. 0-0 Re8 11. b3 Bf8 12. e4 N8d7 13. h3 Nf6 14. Bb2 Bc5 15. Nde2 Qe7 16. Qc1 Nfd7 17. Rd1 Ne5 18. Nf4 f6 19. Nce2 Bd7 20. Nd4 Rad8 21. a3 Nf7 22. b4 Bd6 23. Nf5 Bxf5 24. exf5 Bxf4 25. Qxf4 Rxd1+ 26. Rxd1 Qe2 27. Qd2 Qxd2 28. Rxd2 Nc4 29. Rc2 Nxb2 30. Rxb2 Nd6 31. g4 Kf8 32. Bf1 Re1 33. Kg2 Ra1 34. Rb3 Ke7 35. Rc3 Kd7 36. Bd3 a6 37. h4 h6 38. f3 Re1 39. Kf2 Re8 40. Bc2 Ra8 41. Bb3 a5 42. Re3 axb4 43. axb4 Re8 44. Be6+ Kc7 45. Ra3 Rd8 46. Kg3 Nb5 47. Ra2 Nc3 48. Rc2 Nb5 49. Ra2 Nd4 50. Bc4 Kb6 51. Kf4 Re8 52. Bd3 Rd8 53. Bc4 Nb5 54. Ke3 Re8+ 55. Kf4 Nd6 56. Bd3 Nf7 57. Bc4 Ne5 58. Be2 Rd8 59. Ke3 Kc7 60. f4 Nf7 61. Bd3 Nd6 62. g5 hxg5 63. hxg5 Rh8 64. Rg2 Rh3+ 65. Ke2 Rh4 66. Ke3 Rh5 67. Kf3 Rh3+ 68. Ke2 Rh8 69. gxf6 gxf6 70. Rg7+ Kd8 71. Rg6 Rf8 72. Ke3 Ke7 73. Kd4 b6 74. Rg7+ Rf7 75. Rg8 Kd7 76. Ra8 Kc7 77. Ra7+ Kb8 78. Ra2 Rd7 79. Kc3 Ra7 80. Rd2 Kc7 81. Kb3 c5 82. bxc5 bxc5 83. Re2 Kc6 84. Be4+ Kb5 85. Bc2 c4+ 86. Kc3 Kc5 87. Re6 Nb5+ 88. Kb2 c3+ 89. Kb1 Nd4 90. Re8 Rb7+ 91. Kc1 Rc7 92. Bd3 c2 93. Rb8 Rh7 94. Rc8+ Kb4 95. Kb2 c1Q+ 96. Kxc1 Nb3+ 97. Kd1 Rh2 98. Rc4+ Ka3 99. Ke1 Kb2 100. Be4 Rh3 1/2-1/2

[Event "SWE-chT 1718 Elite"]
[Site "Sweden"]
[Date "2018.02.03"]
[Round "5"]
[White "Sagit, Rauan"]
[Black "Jaderberg, Bjorn"]
[Result "1-0"]
[WhiteElo "2413"]
[BlackElo "2151"]
[PlyCount "63"]
[EventDate "2017.10.20"]
[EventType "team-tourn"]
[EventRounds "9"]
[EventCountry "SWE"]
[SourceTitle "EXT 2019"]
[Source "ChessBase"]
[SourceDate "2018.10.10"]
[SourceVersion "1"]
[SourceVersionDate "2018.10.10"]
[SourceQuality "1"]
[WhiteTeam "Viking Team"]
[BlackTeam "Farsta"]
[WhiteTeamCountry "SWE"]
[BlackTeamCountry "SWE"]

1. Nf3 f5 2. g3 Nf6 3. Bg2 e6 4. 0-0 g6 5. c4 Bg7 6. Nc3 0-0 7. d4 d6 8. Qc2 Qe8 9. e4 e5 10. dxe5 Nxe4 11. Nd5 Na6 12. exd6 cxd6 13. Ng5 Be6 14. Nxe4 fxe4 15. Qxe4 Nc5 16. Qh4 Qf7 17. Bh6 Rae8 18. Rad1 Kh8 19. b3 Bf5 20. Bf4 Be5 21. Bxe5+ dxe5 22. Rd2 a5 23. Re1 Kg7 24. g4 Bd3 25. g5 h5 26. Nf6 e4 27. Qg3 Re6 28. Qe3 b6 29. Nd5 Re5 30. Qd4 Qf5 31. f4 exf3 32. Rxe5 1-0

[Event "Rilton Cup 47th"]
[Site "Stockholm"]
[Date "2018.01.04"]
[Round "8"]
[White "Sagit, Rauan"]
[Black "Paltrinieri, Nicholas"]
[Result "1/2-1/2"]
[WhiteElo "2430"]
[BlackElo "2293"]
[PlyCount "139"]
[EventDate "2017.12.27"]
[EventType "swiss"]
[EventRounds "9"]
[EventCountry "SWE"]
[SourceTitle "CBM 182 Extra"]
[Source "ChessBase"]
[SourceDate "2018.02.23"]
[SourceVersion "1"]
[SourceVersionDate "2018.02.23"]
[SourceQuality "1"]

1. Nf3 f5 2. g3 Nf6 3. Bg2 d6 4. d4 e6 5. 0-0 Be7 6. b3 0-0 7. Bb2 Qe8 8. Nbd2 Nc6 9. Re1 Ne4 10. Nxe4 fxe4 11. Nd2 e3 12. fxe3 Bg5 13. Kh1 Bxe3 14. Nf3 Qh5 15. Rf1 Ne7 16. Nh4 Bd7 17. Qd3 Qh6 18. Bxb7 Rae8 19. Bf3 Nf5 20. Nxf5 exf5 21. Qc4+ Rf7 22. Bc1 Bxc1 23. Raxc1 c6 24. Rcd1 d5 25. Qd3 g5 26. Qd2 Qg6 27. c4 f4 28. g4 Re4 29. cxd5 cxd5 30. Rc1 Rfe7 31. Rc5 Qd6 32. Rfc1 h5 33. gxh5 g4 34. Rg1 Rg7 35. Bxe4 dxe4 36. Qb4 Kh7 37. d5 Qe5 38. d6 Qe6 39. Qd2 e3 40. Qd4 Rf7 41. Rgc1 f3 42. Qe5 f2 43. Qxe6 f1Q+ 44. Rxf1 Rxf1+ 45. Kg2 Rf2+ 46. Kg3 Bxe6 47. Re5 Bc8 48. Re8 Bf5 49. d7 Bxd7 50. Re7+ Kh6 51. Rxd7 a5 52. Kxg4 Rxe2 53. Rd6+ Kh7 54. Re6 Rxa2 55. Rxe3 Rxh2 56. Re5 Ra2 57. Kg5 a4 58. Re7+ Kg8 59. b4 Rb2 60. Kg6 Rg2+ 61. Kh6 a3 62. Ra7 Rb2 63. Ra8+ Kf7 64. Rxa3 Rxb4 65. Kh7 Rf4 66. h6 Rf6 67. Rg3 Kf8 68. Rg8+ Kf7 69. Rg7+ Kf8 70. Rg8+ 1/2-1/2

[Event "Rilton Cup 47th"]
[Site "Stockholm"]
[Date "2018.01.02"]
[Round "6"]
[White "Sankalp, Gupta"]
[Black "Sagit, Rauan"]
[Result "1/2-1/2"]
[WhiteElo "2295"]
[BlackElo "2430"]
[PlyCount "116"]
[EventDate "2017.12.27"]
[EventType "swiss"]
[EventRounds "9"]
[EventCountry "SWE"]
[SourceTitle "CBM 182 Extra"]
[Source "ChessBase"]
[SourceDate "2018.02.23"]
[SourceVersion "1"]
[SourceVersionDate "2018.02.23"]
[SourceQuality "1"]

1. e4 c5 2. Nf3 d6 3. d4 cxd4 4. Qxd4 e5 5. Bb5+ Nd7 6. Qd3 a6 7. Bxd7+ Bxd7 8. c4 h6 9. Nc3 Nf6 10. 0-0 Be7 11. a4 0-0 12. b3 b5 13. axb5 axb5 14. Rxa8 Qxa8 15. cxb5 Rb8 16. Be3 Bxb5 17. Nxb5 Qa6 18. Nd2 Qxb5 19. Qxb5 Rxb5 20. Ra1 d5 21. Ra8+ Kh7 22. Ra7 Bb4 23. exd5 Nxd5 24. Nc4 f5 25. g3 Nxe3 26. fxe3 Bc5 27. Rc7 f4 28. b4 Bxb4 29. gxf4 exf4 30. exf4 Rf5 31. Ne5 Rxf4 32. Rc4 Rf5 33. Rxb4 Rxe5 34. Rb6 Re2 35. Ra6 Kg8 36. Ra7 Kf8 37. Rb7 Re7 38. Rb6 Kf7 39. Kf2 Re6 40. Rb5 Kf6 41. Ra5 Re5 42. Ra7 g6 43. Rb7 Kg5 44. Rb6 Kh5 45. Rb4 Rg5 46. Kf3 Ra5 47. Kg3 Ra3+ 48. Kg2 g5 49. h3 Ra6 50. Kg3 Rc6 51. Ra4 Kg6 52. h4 Rc3+ 53. Kg2 Kf5 54. hxg5 hxg5 55. Ra5+ Kg4 56. Ra4+ Kh5 57. Rb4 g4 58. Rb8 Rc2+ 1/2-1/2

[Event "LAT-chT"]
[Site "Riga"]
[Date "2017.11.20"]
[Round "6.1"]
[White "Sagit, Rauan"]
[Black "Shulman, Vladlen"]
[Result "1-0"]
[WhiteElo "2427"]
[BlackElo "2257"]
[PlyCount "93"]
[EventDate "2017.11.17"]
[EventType "team-swiss"]
[EventRounds "7"]
[EventCountry "LAT"]
[SourceTitle "CBM 181 Extra"]
[Source "ChessBase"]
[SourceDate "2017.12.12"]
[SourceVersion "1"]
[SourceVersionDate "2017.12.12"]
[SourceQuality "1"]
[WhiteTeam "RTU WASA"]
[BlackTeam "Ventspils"]
[WhiteTeamCountry "LAT"]
[BlackTeamCountry "LAT"]

1. Nf3 Nf6 2. g3 g6 3. b3 Bg7 4. Bb2 d6 5. d4 0-0 6. Bg2 e5 7. dxe5 Ng4 8. 0-0 Nc6 9. c4 dxe5 10. h3 Nh6 11. e4 Be6 12. Nc3 f6 13. Qxd8 Rfxd8 14. Nd5 Rd7 15. Ne1 f5 16. Nd3 b6 17. exf5 Bxf5 18. Nxb6 axb6 19. Bxc6 Bxd3 20. Bxd7 Bxf1 21. Kxf1 Nf5 22. Bxf5 gxf5 23. Ke2 Kf7 24. a4 Ke6 25. Rd1 Bf8 26. g4 Bd6 27. gxf5+ Kxf5 28. Rg1 Kf6 29. Kd3 Bc5 30. Ke4 Re8 31. Rg2 Bd4 32. Bc1 c6 33. f3 Rb8 34. Ba3 Bc3 35. Rc2 Bd4 36. Bd6 Rd8 37. c5 Rd7 38. f4 bxc5 39. fxe5+ Ke6 40. b4 Rb7 41. Rc4 Ba1 42. Bxc5 Bxe5 43. a5 Bb8 44. Bb6 Kd7 45. Kd3 Ba7 46. Rh4 Bxb6 47. Rxh7+ 1-0

[Event "Hasselbacken op"]
[Site "Stockholm"]
[Date "2017.11.04"]
[Round "5"]
[White "Tikkanen, Hans"]
[Black "Sagit, Rauan"]
[Result "1/2-1/2"]
[WhiteElo "2520"]
[BlackElo "2427"]
[PlyCount "76"]
[EventDate "2017.11.03"]
[EventType "swiss"]
[EventRounds "8"]
[EventCountry "SWE"]
[SourceTitle "CBM 181 Extra"]
[Source "ChessBase"]
[SourceDate "2017.12.12"]
[SourceVersion "1"]
[SourceVersionDate "2017.12.12"]
[SourceQuality "1"]

1. d4 Nf6 2. Nf3 b6 3. e3 Bb7 4. Bd3 g6 5. Nbd2 Bg7 6. 0-0 0-0 7. b3 d6 8. Bb2 Nbd7 9. c4 e5 10. Qc2 Re8 11. e4 exd4 12. Nxd4 Nc5 13. Rfe1 Nxd3 14. Qxd3 Nh5 15. Bc3 a6 16. Ne2 Bxc3 17. Nxc3 Qg5 18. g3 Nf6 19. Nd5 Bxd5 20. cxd5 Nd7 21. f4 Qf6 22. Rac1 Nc5 23. Qc3 Qxc3 24. Rxc3 a5 25. a3 Re7 26. b4 axb4 27. axb4 Ra2 28. bxc5 Rxd2 29. cxd6 cxd6 30. Rc6 Ra7 31. Rxd6 Raa2 32. Rxb6 Rg2+ 33. Kh1 Rxh2+ 34. Kg1 Rhg2+ 35. Kh1 Rxg3 36. e5 Rd2 37. e6 fxe6 38. dxe6 Rh3+ 1/2-1/2